Sports Quiz

Random Sports Quiz
Score 0/30 Timer 06:00
0 Plays Today
Strikeouts Hitter % Correct
1,081Ken Griffey, Jr
98.2%
1,202Edgar Martinez
97.2%
1,375Jay Buhner
93.3%
792Ichiro Suzuki
87.8%
739Dan Wilson
84.1%
616Alex Rodriguez
84%
549Alvin Davis
80.8%
610Bret Boone
80.2%
395Russ Davis
78%
601Mike Cameron
76.3%
497Richie Sexson
75%
494Adrian Beltre
72%
340John Olerud
67.6%
386Kyle Seager
64.2%
365Dustin Ackley
59.3%
Strikeouts Hitter % Correct
402Jose Lopez
56.2%
435Justin Smoak
56.1%
352Harold Reynolds
52.3%
707Raul Ibanez
52.2%
356Dave Valle
41.9%
489Michael Saunders
39.3%
713Jim Presley
38.6%
351Mike Blowers
38%
389Franklin Gutierrez
36.9%
329Miguel Olivo
35.6%
338Julio Cruz
35.2%
448Phil Bradley
34.1%
439Dave Henderson
30.8%
337Ken Phelps
29.8%
316Bruce Bochte
19.5%
Remove Ads.
Support Sporcle.
Get the best of Sporcle when you Go Orange. This ad-free experience offers more features, more stats, and more fun while also helping to support Sporcle. Thank you for becoming a member.

You're not logged in!

Compare scores with friends on all Sporcle quizzes.
OR
Log In

Show Comments

Extras

Top Quizzes Today


Score Distribution

Your Account Isn't Verified!

In order to create a playlist on Sporcle, you need to verify the email address you used during registration. Go to your Sporcle Settings to finish the process.

Report this User

Report this user for behavior that violates our Community Guidelines.

Details: